Logo BPK

Bibliografia Prac Pracowników

Politechniki Koszalińskiej

Warunki mycia metodą CIP kolanek rurociągu instalacji produkcyjnej / (Rekord nr 3212)

Szczegóły MARC
000 -ETYKIETA REKORDU
podpole kontrolne o stałej długości 01552naa a2200253 i 4500
001 - NUMER KONTROLNY REKORDU
podpole kontrolne 3212
003 - IDENTYFIKATOR NUMERU KONTROLNEGO REKORDU
podpole kontrolne KOSZ 005
005 - DATA OSTATNIEJ MODYFIKACJI REKORDU
podpole kontrolne 20180405120754.0
008 - POLE O STAŁEJ DŁUGOŚCI - DANE KONTROLNE
podpole kontrolne o stałej długości 140905s2009 pl f |000 0 pol d
040 ## - ŹRÓDŁO KATALOGOWANIA
Instytucja, która utworzyła rekord BPK
Instytucja, która dokonała modyfikacji KOSZ 005/ac
080 ## - UNIWERSALNA KLASYFIKACJA DZIESIĘTNA - UKD
UKD 664
080 ## - UNIWERSALNA KLASYFIKACJA DZIESIĘTNA - UKD
UKD 621.644
080 ## - UNIWERSALNA KLASYFIKACJA DZIESIĘTNA - UKD
UKD 532
100 1# - NAZWA OSOBOWA
Nazwa osobowa DIAKUN, Jarosław.
Lata pracy 1996 - .
Instytucja Politechnika Koszalińska - Wydział Mechaniczny,
Wydział Katedra Procesów i Urządzeń Przemysłu Spożywczego
245 10 - TYTUŁ/ODPOWIEDZIALNOŚĆ
Tytuł Warunki mycia metodą CIP kolanek rurociągu instalacji produkcyjnej /
Pozostałe elementy strefy tytułu i oznaczenia odpowiedzialności Jarosław Diakun, Joanna Piepiórka.
500 ## - UWAGI OGÓLNE
Tekst uwagi Dane z autopsji.
520 ## - UWAGA DOTYCZĄCA TREŚCI DOKUMENTU
Analiza dokumentacyjna, adnotacja itp. Celem pracy jest analiza i badanie warunków mycia kolanek rurociągów, jako szczególnych miejsc instalacji rurowych. Wykonano analizy rozkładu linii prądu przepływu cieczy, ciśnienia oraz oddziaływanie miejscowych naprężeń ścinających na ścianki kolanka rurociągu. Podstawą były obliczenia symulacyjne metodą elementów skończonych (MES) przeprowadzone w środowisku ANSYS FLOTRAN, dla kolanek o różnym promieniu zakrzywienia. Na stanowisku badawczym wykonana została ocena skuteczności mycia różnych stref powierzchni kolanka, zabrudzonego mlekiem.
590 ## - POLE LOKALNE - UWAGA
Uwaga własna artykuł
650 #0 - HASŁO PRZEDMIOTOWE W FORMIE NAZWY OGÓLNEJ LUB JEDNOSTKOWEJ
Nazwa ogólna lub geograficzna Rurociągi.
650 #0 - HASŁO PRZEDMIOTOWE W FORMIE NAZWY OGÓLNEJ LUB JEDNOSTKOWEJ
Nazwa ogólna lub geograficzna Instalacje.
700 1# - HASŁO DODATKOWE - NAZWA OSOBOWA
Nazwa osobowa PIEPIÓRKA-STEPUK, Joanna.
Lata pracy 2011 - .
Instytucja Politechnika Koszalińska - Wydział Mechaniczny,
Wydział Katedra Procesów i Urządzeń Przemysłu Spożywczego
773 0# - TYTUŁ DOKUMENTU MACIERZYSTEGO
Wyrażenie wprowadzające W :
Tytuł Inżynieria i Aparatura Chemiczna. -
Informacje dotyczące relacji 2009, R. 48 (40), nr 1, s. 24-25
942 ## - HASŁO DODATKOWE - ELEMENTY(KOHA)
Typ dokumentu Artykuł
Schemat klasyfikacji Uniwersalna klasyfikacja dziesiętna
Egzemplarze
Wycofany Zagubiony Uszkodzony Dostępność Lokalizacja stała Lokalizacja bieżąca Sygnatura Typ dokumentu
      Dostępny Bibliografia Prac Pracowników - BPK Bibliografia Prac Pracowników - BPK 0615 Artykuł
© 2014 Biblioteka Politechniki Koszalińskiej :: BIBLIOGRAFIA PRAC PRACOWNIKÓW